Družstevné podnikanie

Guardado en:
Detalles Bibliográficos
Autor principal: Šúbertová, Elena
Autor Corporativo: Ekonomická univerzita v Bratislave. Fakulta podnikového manažmentu
Formato: Libro
Lenguaje:eslovaco
Publicado: Bratislava EU 1994
Edición:1. vyd.
Materias:
Etiquetas: Agregar Etiqueta
Sin Etiquetas, Sea el primero en etiquetar este registro!

MARC

LEADER 00000nam a2200000 4500
001 c005203
005 20221214074232.7
020 |a 80-225-0552-8 
041 0 |a slo 
044 |a SK 
245 1 0 |a Družstevné podnikanie  |c Elena Šúbertová 
250 |a 1. vyd. 
264 1 |a Bratislava  |b EU  |c 1994 
300 |a 126 s. 
610 2 0 |a družstvá 
610 2 0 |a družstvá spotrebné 
610 2 0 |a družstvá výrobné 
610 2 0 |a družstvá bytové 
610 2 0 |a podnikanie 
100 1 |a Šúbertová, Elena 
710 2 |a Ekonomická univerzita v Bratislave. Fakulta podnikového manažmentu